[Event "4NCL/Div1a/CAMB1 vs. JUTK"]
[Site "Sunningdale ENG"]
[Date "2009.10.25"]
[Round "2.4"]
[White "Ethelontis, Alexandros N"]
[Black "Churm, Rohan M"]
[Result "1/2-1/2"]
[WhiteElo "2187"]
[BlackElo "2167"]
[PlyCount "76"]
[EventDate "2009.10.25"]
[EventCountry "ENG"]
[SourceDate "2009.10.24"]

1. c4 e6 2. g3 d5 3. Bg2 Nf6 4. Nf3 Be7 5. O-O O-O 6. d4 Nbd7 7. Qc2 Re8 8.
Nbd2 b6 9. e4 dxe4 10. Nxe4 Bb7 11. Nfg5 Nxe4 12. Nxe4 Rb8 13. Bf4 Nf6 14. Rad1
Nxe4 15. Bxe4 Bxe4 16. Qxe4 Bd6 17. Be5 f6 18. Bf4 Qd7 19. b3 Rbd8 20. Rfe1
Bxf4 21. gxf4 Qd6 22. Re3 g6 23. Rdd3 Kf7 24. h4 Qf8 25. Rg3 Qh6 26. Kg2 Re7
27. Rde3 Qh5 28. b4 Qd1 29. d5 Rde8 30. Rd3 Qh5 31. Rge3 exd5 32. Qxd5+ Qxd5+
33. cxd5 Rd8 34. Rxe7+ Kxe7 35. Kf3 Kd6 36. Rc3 f5 37. Rd3 Re8 38. Rc3 Ra8
1/2-1/2

[Event "4NCL/Div1a/CAMB1 vs. JUTK"]
[Site "Sunningdale ENG"]
[Date "2009.10.25"]
[Round "2.6"]
[White "Rich, Mark C"]
[Black "Eckersley-Waites, Adam"]
[Result "0-1"]
[WhiteElo "2151"]
[BlackElo "2197"]
[PlyCount "50"]
[EventDate "2009.10.25"]
[EventCountry "ENG"]
[SourceDate "2009.10.24"]

1. e4 c5 2. Nc3 Nc6 3. f4 g6 4. Nf3 Bg7 5. Bb5 Nd4 6. O-O Nxb5 7. Nxb5 d5 8.
exd5 a6 9. Nc3 Nf6 10. d4 c4 11. Ne5 Nxd5 12. Nxc4 Nxc3 13. bxc3 Qc7 14. Ne5
Qxc3 15. Rb1 O-O 16. Rb3 Qc7 17. Qf3 Qxc2 18. Ba3 Re8 19. Rc1 Qxa2 20. d5 Bxe5
21. fxe5 Bg4 22. Qd3 Rac8 23. Rxb7 Bf5 24. Qb3 Qe2 25. Qb2 Rc2 0-1

[Event "4NCL/Div1a/CAMB1 vs. JUTK"]
[Site "Sunningdale ENG"]
[Date "2009.10.25"]
[Round "2.7"]
[White "Conlon, Joseph P"]
[Black "Wilson, Alexandra"]
[Result "1-0"]
[WhiteElo "2208"]
[BlackElo "2083"]
[PlyCount "83"]
[EventDate "2009.10.25"]
[EventCountry "ENG"]
[SourceDate "2009.10.24"]

1. e4 e6 2. d4 d5 3. Nc3 Bb4 4. e5 c5 5. a3 Bxc3+ 6. bxc3 Ne7 7. Qg4 Qc7 8.
Qxg7 Rg8 9. Qxh7 cxd4 10. Ne2 dxc3 11. f4 Nbc6 12. Qd3 Nf5 13. Qxc3 d4 14. Qd3
b6 15. Ng3 Nxg3 16. hxg3 Bb7 17. Bb2 O-O-O 18. Rh7 Nxe5 19. fxe5 Qxe5+ 20. Be2
Be4 21. Qa6+ Bb7 22. Qc4+ Kb8 23. Rxf7 Qxg3+ 24. Kd1 Be4 25. Bd3 Rc8 26. Qa6
Qg4+ 27. Kc1 Rxc2+ 28. Bxc2 Qg5+ 29. Kb1 Bxc2+ 30. Kxc2 Qg6+ 31. Kb3 Qxf7 32.
Rf1 Qd7 33. g4 Rc8 34. Ka2 e5 35. Qe2 Qd5+ 36. Ka1 e4 37. Re1 d3 38. Qe3 Rc4
39. Rd1 Ra4 40. g5 Qb3 41. Rd2 Qe6 42. Rxd3 1-0

[Event "4NCL/Div1a/CAMB1 vs. JUTK"]
[Site "Sunningdale ENG"]
[Date "2009.10.25"]
[Round "2.8"]
[White "Howell, Chris I"]
[Black "Kourtseva, Julie"]
[Result "1-0"]
[WhiteElo "2077"]
[BlackElo "1706"]
[Annotator "Howell, Chris"]
[PlyCount "151"]
[EventDate "2009.10.25"]
[EventCountry "ENG"]
[SourceDate "2009.10.24"]

1. e4 d5 2. exd5 Qxd5 3. Nf3 c6 4. Nc3 Qa5 5. Bc4 Bf5 6. O-O e6 7. d3 Be7 8.
Bd2 $146 (8. Be3 Nf6 9. h3 Nbd7 10. a3 Qc7 11. Qd2 Bd6 12. Rfe1 Ne5 13. Nxe5
Bxe5 14. d4 Bd6 15. Bd3 Bg6 16. Ne2 Nd5 17. c3 Nxe3 18. Qxe3 Bxd3 19. Qxd3
O-O-O 20. Qc2 Rdg8 21. b4 h5 22. a4 g5 23. b5 h4 24. Qe4 Qd7 25. bxc6 Qxc6 26.
Qxc6+ bxc6 27. f3 Kc7 28. Rab1 Re8 29. Nc1 Bf4 30. Rd1 Rb8 {
1-0 Yurkina,Y-Gelivanova,Y/Dagomys 2004}) 8... Qc7 9. Nd4 Bg6 10. Qf3 $1 Bf6 $6
11. Nb3 $2 (11. Bf4 $1 e5 12. Bg3 Nd7 13. h4 h5 14. a4 $14) 11... Ne7 $2 (11...
Nd7 $14) 12. Bf4 Be5 13. Bxe5 Qxe5 14. Rfe1 Qc7 15. Nd4 O-O $2 (15... e5 16.
Qg3 Nd7 17. Nf3 $16) 16. Bxe6 $1 Qd8 $5 17. Bb3 Nd7 18. a4 $6 (18. Qf4 $1 $18)
18... Nc5 19. Bc4 Re8 20. Nb3 $6 (20. Qf4 $1) 20... Nxb3 21. Bxb3 Nf5 22. Bc4
$2 (22. Rxe8+ Qxe8 23. Qe4 $16) 22... Nd4 23. Rxe8+ Qxe8 24. Qd1 Qe7 25. Qd2 (
25. Ne4 $1 $16) 25... Re8 26. h3 Qb4 27. Re1 Rxe1+ 28. Qxe1 h6 29. Qe8+ Kh7 30.
Bxf7 Bxf7 31. Qxf7 Qxb2 32. Ne4 Qa1+ 33. Kh2 Ne2 34. Ng5+ hxg5 35. Qh5+ Kg8 36.
Qe8+ Kh7 37. Qxe2 Qxa4 38. Qh5+ Kg8 39. c4 Qc2 40. Qe8+ Kh7 41. Qe4+ Kh8 42.
Qd4 Qa2 43. h4 gxh4 44. Qxh4+ Kg8 45. Qd8+ Kh7 46. Qh4+ Kg8 47. g4 Qb2 48. Kg2
Qd4 49. Qg3 Qd8 (49... a5 $1) 50. g5 g6 51. Qe3 Qd7 52. Kf1 c5 53. Ke2 b6 54.
Qe4 Kf7 55. Qf4+ Ke8 56. Kd2 Qe7 57. Qg4 Kf8 {(=)} 58. f4 Qf7 59. Kc2 Kg7 60.
Qf3 b5 61. Qe4 $1 bxc4 62. dxc4 Kg8 63. Kb3 $1 Kg7 64. Qe5+ Kg8 65. Qd5 Kg7 66.
Qxf7+ Kxf7 67. Ka4 Ke6 68. Kb5 Kf5 69. Kxc5 Kxf4 {Diagram #} 70. Kc6 $3 (70.
Kb5 Ke4 71. Kc6 $3 $18) (70. Kd4 $4 Kxg5 71. c5 Kf6 72. Kd5 Ke7 73. Kc6 g5 74.
Kb7 g4 75. c6 g3 76. c7 g2 77. c8=Q g1=Q 78. Qc7+ Ke6 79. Qc6+ Kf5 80. Qb5+ Kg6
81. Qa6+ Kf5 82. Qxa7 $11) 70... Kxg5 71. c5 $1 a5 72. Kb5 $1 a4 73. Kxa4 $1
Kf6 74. Kb5 (74. Ka5 $18) 74... Ke7 75. Kb6 Kd8 76. Kb7 $1 1-0

[Event "4NCL/Div1b/GUI1 vs. WGHK2"]
[Site "Sunningdale ENG"]
[Date "2009.10.25"]
[Round "2.1"]
[White "Kosten, Anthony C"]
[Black "Sowray, Peter J"]
[Result "1/2-1/2"]
[WhiteElo "2497"]
[BlackElo "2318"]
[PlyCount "61"]
[EventDate "2009.10.25"]
[SourceDate "2009.10.24"]

1. c4 Nf6 2. Nc3 c5 3. g3 d5 4. cxd5 Nxd5 5. Bg2 Nc7 6. Nf3 Nc6 7. a3 e5 8. b4
cxb4 9. axb4 Bxb4 10. Nxe5 O-O 11. Nxc6 bxc6 12. O-O Qf6 13. Bb2 Qh6 14. Qa4
Bxc3 15. Bxc3 Nb5 16. Qc4 Bd7 17. Ra6 Rac8 18. f4 Bh3 19. Bxh3 Qxh3 20. Rc1 Qd7
21. Bb4 c5 22. Bc3 Nxc3 23. Qxc3 c4 24. Ra2 Rfe8 25. Qf3 Qe6 26. Rxa7 Qxe2 27.
Qxe2 Rxe2 28. Rxc4 Rb8 29. Rac7 Rxd2 30. Rc8+ Rd8 31. Rxb8 1/2-1/2

[Event "4NCL/Div1b/GUI1 vs. WGHK2"]
[Site "Sunningdale ENG"]
[Date "2009.10.25"]
[Round "2.2"]
[White "Tiller, Bjorn"]
[Black "King, Daniel J"]
[Result "1-0"]
[WhiteElo "2378"]
[BlackElo "2494"]
[PlyCount "85"]
[EventDate "2009.10.25"]
[SourceDate "2009.10.24"]

1. b4 e5 2. Bb2 d6 3. c4 Nf6 4. g3 g6 5. Bg2 Bg7 6. Nh3 O-O 7. O-O Re8 8. e3 c6
9. f4 a5 10. b5 cxb5 11. cxb5 Nbd7 12. Qc2 Nb6 13. Rc1 Bf5 14. Qc7 Qxc7 15.
Rxc7 Bxh3 16. Bxh3 exf4 17. Rxb7 Na4 18. Bd4 fxe3 19. dxe3 Nd5 20. Na3 Nc5 21.
Rd7 Nxd7 22. Bxd7 Rxe3 23. Bxe3 Nxe3 24. Rb1 Bd4 25. Rb3 Kf8 26. Kf2 Nd5+ 27.
Kf3 Nb4 28. Nc4 Bc5 29. b6 Ke7 30. b7 Rb8 31. Bc8 a4 32. Ra3 d5 33. Na5 Kd6 34.
Rxa4 Nd3 35. Nb3 Bb6 36. Ra8 Kc7 37. a4 Ne5+ 38. Ke2 Nc6 39. a5 Bg1 40. a6 Ba7
41. Bd7 Bb6 42. Kd3 h5 43. h3 1-0

[Event "4NCL/Div1b/GUI1 vs. WGHK2"]
[Site "Sunningdale ENG"]
[Date "2009.10.25"]
[Round "2.3"]
[White "Berzinsh, Roland"]
[Black "Farrand, Tom"]
[Result "1-0"]
[WhiteElo "2424"]
[BlackElo "2278"]
[PlyCount "63"]
[EventDate "2009.10.25"]
[SourceDate "2009.10.24"]

1. e4 c5 2. Nf3 e6 3. Nc3 Nc6 4. Bb5 Nd4 5. O-O Ne7 6. Nxd4 cxd4 7. Ne2 a6 8.
Ba4 b5 9. Bb3 Nc6 10. d3 Bb7 11. f4 g6 12. f5 gxf5 13. Ng3 Qb6 14. exf5 O-O-O
15. Bg5 Be7 16. f6 Bf8 17. Bf4 d5 18. Qh5 Rd7 19. Kh1 h6 20. c3 Rg8 21. Rae1
Bc5 22. Bxh6 dxc3 23. bxc3 Bf2 24. Rxe6 fxe6 25. f7 Rgd8 26. d4 Bxg3 27. hxg3
Qc7 28. f8=Q Rxf8 29. Rxf8+ Nd8 30. Qf3 e5 31. Bg5 e4 32. Qf5 1-0

[Event "4NCL/Div1b/GUI1 vs. WGHK2"]
[Site "Sunningdale ENG"]
[Date "2009.10.25"]
[Round "2.4"]
[White "McFarland, Robert S"]
[Black "Buckley, Graeme N"]
[Result "0-1"]
[WhiteElo "2215"]
[BlackElo "2388"]
[PlyCount "96"]
[EventDate "2009.10.25"]
[SourceDate "2009.10.24"]

1. Nf3 Nf6 2. g3 b5 3. Bg2 Bb7 4. O-O c5 5. c3 e6 6. d4 Na6 7. a3 Be7 8. Nbd2
Qb6 9. b3 O-O 10. Bb2 Rac8 11. Qb1 Rc7 12. Rc1 Rfc8 13. Qd3 c4 14. bxc4 bxc4
15. Qc2 Rb8 16. Rcb1 Qa5 17. Bc1 Nd5 18. Bb2 Nb6 19. a4 Bxf3 20. Bxf3 d5 21.
Ba3 Bxa3 22. Rxa3 Nc8 23. Rxb8 Nxb8 24. Qb2 Nc6 25. e4 Nxd4 26. exd5 Nxf3+ 27.
Nxf3 Qxd5 28. Qb5 Qxb5 29. axb5 Kf8 30. Ra4 f6 31. Nd4 Ke7 32. Nc6+ Kd6 33.
Rxc4 e5 34. f4 Kd5 35. Ra4 exf4 36. Rxf4 Nd6 37. Rb4 Nxb5 38. Rxb5+ Kxc6 39.
Rb3 a5 40. Kf2 Re7 41. Kf3 a4 42. Ra3 Kb5 43. Kf2 Ka5 44. Ra2 Rc7 45. Ra3 Rb7
46. Ke3 Rb3 47. Rxb3 axb3 48. Kd2 Kb5 0-1

[Event "4NCL/Div1b/GUI1 vs. WGHK2"]
[Site "Sunningdale ENG"]
[Date "2009.10.25"]
[Round "2.5"]
[White "Povah, Nigel E"]
[Black "Briscoe, Chris"]
[Result "1-0"]
[WhiteElo "2336"]
[BlackElo "2232"]
[PlyCount "95"]
[EventDate "2009.10.25"]
[SourceDate "2009.10.24"]

1. d4 Nf6 2. Nf3 e6 3. e3 b6 4. Bd3 Bb7 5. Nbd2 d6 6. O-O Nbd7 7. b3 g6 8. Bb2
Bg7 9. Qe2 a5 10. a3 O-O 11. e4 Nh5 12. g3 Kh8 13. Rfe1 Qe7 14. Rad1 Rae8 15.
e5 f5 16. Bb5 d5 17. Nf1 Bh6 18. a4 Rg8 19. Bc1 Bxc1 20. Rxc1 Rd8 21. Qd2 g5
22. Be2 Nf8 23. c3 f4 24. g4 Ng7 25. Bd3 Bc6 26. h3 h6 27. Kg2 h5 28. N1h2 h4
29. Qc2 Be8 30. b4 Bf7 31. bxa5 bxa5 32. Rb1 Nd7 33. Rb5 Nb6 34. Rxa5 Ra8 35.
Rxa8 Rxa8 36. Bb5 Nc4 37. Ra1 Ne8 38. Bxc4 dxc4 39. Qe4 Ra5 40. Qc6 Kg7 41.
Qxc4 c5 42. Rb1 cxd4 43. cxd4 Bg6 44. Rb6 Be4 45. Rxe6 Qf7 46. Qb4 Ra7 47. Rb6
Nc7 48. Qd6 1-0

[Event "4NCL/Div1b/GUI1 vs. WGHK2"]
[Site "Sunningdale ENG"]
[Date "2009.10.25"]
[Round "2.6"]
[White "Hasman, Cengiz"]
[Black "Wall, Gavin"]
[Result "0-1"]
[WhiteElo "2093"]
[BlackElo "2296"]
[PlyCount "98"]
[EventDate "2009.10.25"]
[SourceDate "2009.10.24"]

1. d4 f5 2. c4 Nf6 3. Nc3 d6 4. g3 g6 5. Bg2 Bg7 6. Nf3 O-O 7. O-O Qe8 8. b3 c6
9. Qd3 Na6 10. Ba3 Nc7 11. e4 fxe4 12. Nxe4 Nxe4 13. Qxe4 Bf5 14. Qe3 Qd7 15.
Rae1 Rae8 16. Nh4 Bh3 17. f4 Bxg2 18. Kxg2 b5 19. h3 Bf6 20. Nf3 a5 21. Nd2 d5
22. c5 b4 23. Bb2 Ra8 24. Nf3 a4 25. g4 axb3 26. axb3 Ra2 27. Rf2 Qc8 28. Ne5
Nb5 29. Nf3 Qc7 30. Ra1 Rxa1 31. Bxa1 Kh8 32. Ne5 Bxe5 33. dxe5 e6 34. f5 gxf5
35. gxf5 Qg7+ 36. Kf1 Rxf5 37. Rxf5 exf5 38. Qf4 Kg8 39. Qxf5 Qf7 40. Qf2 Nc3
41. Qxf7+ Kxf7 42. Kf2 Ke6 43. Ke3 Kxe5 44. Kd3 d4 45. Kc4 Ke4 46. Kxb4 Nd5+
47. Ka3 d3 48. Kb2 Ke3 49. Kc1 Ke2 0-1

[Event "4NCL/Div1b/GUI1 vs. WGHK2"]
[Site "Sunningdale ENG"]
[Date "2009.10.25"]
[Round "2.8"]
[White "Cutmore, David A"]
[Black "Anderton, Matthew N"]
[Result "0-1"]
[WhiteElo "2045"]
[BlackElo "2232"]
[PlyCount "58"]
[EventDate "2009.10.25"]
[SourceDate "2009.10.24"]

1. d4 Nf6 2. c4 c5 3. d5 b5 4. f3 Qa5+ 5. Bd2 b4 6. e4 d6 7. Ne2 g6 8. Ng3 Bg7
9. Qc1 h5 10. h4 Nbd7 11. Na3 Nxd5 12. exd5 bxa3 13. bxa3 Qa4 14. Rb1 Ba6 15.
Ne4 Nf6 16. Nc3 Qd7 17. Bd3 O-O 18. O-O e6 19. Qc2 exd5 20. cxd5 Bxd3 21. Qxd3
Rab8 22. Bf4 Rfc8 23. Qc4 Rxb1 24. Rxb1 Qf5 25. Rb7 Re8 26. Bxd6 Ng4 27. Ne4
Bd4+ 28. Kh1 Rxe4 29. fxe4 Qf2 0-1

[Event "4NCL/Div1b/BAR1 vs. WRO1"]
[Site "Sunningdale ENG"]
[Date "2009.10.25"]
[Round "2.1"]
[White "Parker, Jonathan F"]
[Black "Wells, Peter K"]
[Result "1/2-1/2"]
[WhiteElo "2523"]
[BlackElo "2489"]
[PlyCount "56"]
[EventDate "2009.10.25"]
[SourceDate "2009.10.24"]

1. d4 Nf6 2. c4 e6 3. Nf3 b6 4. e3 Bb7 5. Nc3 Bb4 6. Bd3 O-O 7. O-O c5 8. Na4
cxd4 9. a3 Bd6 10. exd4 Bxf3 11. Qxf3 Nc6 12. Be3 e5 13. dxe5 Nxe5 14. Qe2 Qc7
15. h3 Rfe8 16. b4 Rac8 17. c5 bxc5 18. Ba6 Rb8 19. Rac1 Nd5 20. Nxc5 Nxe3 21.
fxe3 Qb6 22. Na4 Qd8 23. Nc3 Qg5 24. Rcd1 Re6 25. Ne4 Qg6 26. Bd3 Nxd3 27. Qxd3
Bxb4 28. axb4 Rxe4 1/2-1/2

[Event "4NCL/Div1b/BAR1 vs. WRO1"]
[Site "Sunningdale ENG"]
[Date "2009.10.25"]
[Round "2.2"]
[White "McNab, Colin A"]
[Black "D'Costa, Lorin AR"]
[Result "1-0"]
[WhiteElo "2466"]
[BlackElo "2479"]
[PlyCount "71"]
[EventDate "2009.10.25"]
[SourceDate "2009.10.24"]

1. Nf3 Nf6 2. c4 b6 3. g3 c5 4. Bg2 Bb7 5. d3 g6 6. e4 d6 7. Nc3 Bg7 8. h3 O-O
9. Bg5 a6 10. Qd2 Nc6 11. O-O Ne8 12. a3 Nc7 13. Rab1 Ne6 14. Bh6 Ned4 15. Nxd4
Nxd4 16. Bxg7 Kxg7 17. b4 Bc6 18. f4 e6 19. Ne2 e5 20. bxc5 bxc5 21. Nxd4 cxd4
22. fxe5 dxe5 23. Qb4 Rc8 24. h4 Qd7 25. Kh2 Rc7 26. Bh3 Qd8 27. Qa5 Qe7 28.
Rf2 h5 29. Rb6 Bb7 30. Re6 fxe6 31. Qxe5+ Rf6 32. Rxf6 Rc5 33. Qxd4 e5 34. Qd6
Qxd6 35. Rxd6 Bc6 36. Bd7 1-0

[Event "4NCL/Div1b/BAR1 vs. WRO1"]
[Site "Sunningdale ENG"]
[Date "2009.10.25"]
[Round "2.3"]
[White "Collins, Sam E"]
[Black "Palliser, Richard JD"]
[Result "1/2-1/2"]
[WhiteElo "2431"]
[BlackElo "2435"]
[PlyCount "50"]
[EventDate "2009.10.25"]
[SourceDate "2009.10.24"]

1. c4 g6 2. g3 Bg7 3. Bg2 c5 4. Nc3 Nc6 5. Nf3 e5 6. O-O Nge7 7. a3 d6 8. d3
O-O 9. Bd2 a6 10. Ne1 Rb8 11. Nc2 b5 12. cxb5 axb5 13. Ne3 Be6 14. Ned5 Nxd5
15. Nxd5 Ne7 16. e4 Nxd5 17. exd5 Bf5 18. Qe2 Qd7 19. Rac1 Ra8 20. Be3 Rfe8 21.
Be4 Bxe4 22. dxe4 Ra4 23. Bd2 f5 24. f3 Rf8 25. Kg2 h5 1/2-1/2

[Event "4NCL/Div1b/BAR1 vs. WRO1"]
[Site "Sunningdale ENG"]
[Date "2009.10.25"]
[Round "2.4"]
[White "Barrett, Stephen J"]
[Black "Ferguson, Mark"]
[Result "1-0"]
[WhiteElo "2212"]
[BlackElo "2410"]
[PlyCount "73"]
[EventDate "2009.10.25"]
[SourceDate "2009.10.24"]

1. d4 d5 2. c4 c6 3. Nf3 Nf6 4. e3 Bf5 5. Nc3 e6 6. Nh4 Bg6 7. Be2 Nbd7 8. O-O
Bd6 9. g3 O-O 10. Nxg6 hxg6 11. Qb3 Rb8 12. Rd1 Qe7 13. Qc2 Bc7 14. Bd2 a6 15.
Rac1 Rfc8 16. e4 dxe4 17. Nxe4 Nxe4 18. Qxe4 Nf6 19. Qh4 c5 20. Bg5 Bb6 21. Rd3
Qf8 22. g4 Ne4 23. Rh3 f5 24. Qh7+ Kf7 25. Rh6 Nxg5 26. Qxg6+ Kg8 27. Qxg5 Bd8
28. Qg6 Qf7 29. Qh7+ Kf8 30. Rg6 Bf6 31. gxf5 Bxd4 32. Rxe6 Rc6 33. Rxc6 bxc6
34. Bh5 Qg8 35. Qg6 Bf6 36. Re1 Be7 37. f6 1-0

[Event "4NCL/Div1b/BAR1 vs. WRO1"]
[Site "Sunningdale ENG"]
[Date "2009.10.25"]
[Round "2.5"]
[White "Cox, John J"]
[Black "Gayson, Peter M"]
[Result "1/2-1/2"]
[WhiteElo "2378"]
[BlackElo "2240"]
[PlyCount "77"]
[EventDate "2009.10.25"]
[SourceDate "2009.10.24"]

1. c4 e5 2. g3 d6 3. Bg2 f5 4. Nc3 Nf6 5. d3 Be7 6. e4 Nc6 7. Nge2 O-O 8. O-O
Be6 9. Nd5 Qd7 10. f3 Kh8 11. Be3 Nd8 12. Qd2 c6 13. Nxe7 Qxe7 14. exf5 Bxf5
15. Nc3 Ne6 16. d4 c5 17. d5 Nd4 18. Rac1 Qd7 19. g4 Bg6 20. h3 h5 21. g5 Ng8
22. f4 Ne7 23. fxe5 dxe5 24. Rxf8+ Rxf8 25. Rf1 Rxf1+ 26. Kxf1 Nef5 27. Bf2 Nd6
28. b3 Qf5 29. Kg1 b6 30. Qe3 Nc2 31. Qf3 Qxg5 32. Qf8+ Kh7 33. Qxd6 Ne3 34.
Bxe3 Qxe3+ 35. Kh1 Qc1+ 36. Kh2 Qf4+ 37. Kh1 Qc1+ 38. Kh2 Qf4+ 39. Kh1 1/2-1/2

[Event "4NCL/Div1b/SWD vs. PANDG"]
[Site "Sunningdale ENG"]
[Date "2009.10.25"]
[Round "2.1"]
[White "Cobb, James E"]
[Black "Slavin, Alexei"]
[Result "0-1"]
[WhiteElo "2415"]
[BlackElo "2331"]
[PlyCount "78"]
[EventDate "2009.10.25"]
[SourceDate "2009.10.24"]

1. Nf3 Nf6 2. c4 b6 3. g3 Bb7 4. Bg2 e6 5. O-O Be7 6. d4 d5 7. Qa4+ c6 8. Nc3
O-O 9. Rd1 a6 10. Qc2 dxc4 11. Ne5 b5 12. Ne4 Nd5 13. b3 f6 14. bxc4 Nb4 15.
Qb2 fxe5 16. a3 c5 17. axb4 cxd4 18. e3 Nc6 19. c5 Kh8 20. Bd2 Qd7 21. Be1 Rad8
22. Qe2 Nb8 23. Ra3 Qc6 24. Rad3 Bf6 25. f4 exf4 26. exd4 fxg3 27. Bxg3 Qd7 28.
Bd6 Rf7 29. Qh5 Qe8 30. Rh3 Qg8 31. Qg4 Bd5 32. Ng5 Bxg5 33. Bxd5 exd5 34. Qxg5
Nc6 35. Kh1 Re8 36. Rdd3 Rf1+ 37. Kg2 Qf7 38. Rdf3 Rxf3 39. Rxf3 Qe6 0-1

[Event "4NCL/Div1b/SWD vs. PANDG"]
[Site "Sunningdale ENG"]
[Date "2009.10.25"]
[Round "2.2"]
[White "Muter, Donny"]
[Black "Cooper, John G"]
[Result "0-1"]
[WhiteElo "2220"]
[BlackElo "2346"]
[PlyCount "63"]
[EventDate "2009.10.25"]
[SourceDate "2009.10.24"]

1. d4 g6 2. Nf3 Bg7 3. c4 Nf6 4. Nc3 O-O 5. e4 d6 6. Bg5 h6 7. Bh4 g5 8. Bg3
Nh5 9. Be2 e6 10. O-O f5 11. Ne1 Nxg3 12. hxg3 fxe4 13. Nxe4 d5 14. cxd5 Qxd5
15. Bd3 Nc6 16. Rc1 Bd7 17. Nf3 Rxf3 18. gxf3 Nxd4 19. Rc5 Qxa2 20. Rxc7 Bc6
21. Bb1 Qd5 22. Qd3 Qe5 23. Rxc6 bxc6 24. Re1 Rb8 25. Re3 Rxb2 26. Qd1 Qc5 27.
Kg2 Nxf3 28. Qxf3 Rxb1 29. Rd3 Qf5 30. Qe2 Rb8 31. Rd2 a5 32. Qd3 {
scoresheets illegible} 0-1

[Event "4NCL/Div1b/SWD vs. PANDG"]
[Site "Sunningdale ENG"]
[Date "2009.10.25"]
[Round "2.3"]
[White "Zeidler, Sven P"]
[Black "Walton, Alan J"]
[Result "1/2-1/2"]
[WhiteElo "2221"]
[BlackElo "2147"]
[PlyCount "76"]
[EventDate "2009.10.25"]
[SourceDate "2009.10.24"]

1. e4 e6 2. d4 d5 3. exd5 exd5 4. Nf3 Nc6 5. Bb5 Bd6 6. c4 dxc4 7. d5 a6 8. Ba4
b5 9. dxc6 bxa4 10. Qxa4 Ne7 11. O-O Rb8 12. Nbd2 Rb4 13. Qc2 Bf5 14. Qc3 O-O
15. a3 Nd5 16. Qd4 Nf4 17. Re1 Re8 18. Rxe8+ Qxe8 19. Qe3 Rb8 20. Qxe8+ Rxe8
21. Nxc4 Ne2+ 22. Kh1 Nxc1 23. Nxd6 Rd8 24. Rxc1 Rxd6 25. h3 Be4 26. Rc4 f5 27.
Kh2 Rg6 28. Nh4 Rh6 29. f3 Rxh4 30. fxe4 fxe4 31. Rd4 Rf4 32. Kg3 Rf6 33. Rxe4
Rxc6 34. a4 Kf7 35. b4 Kf6 36. Kf4 Rc3 37. h4 h6 38. h5 c5 1/2-1/2

[Event "4NCL/Div1b/SWD vs. PANDG"]
[Site "Sunningdale ENG"]
[Date "2009.10.25"]
[Round "2.4"]
[White "Birtwistle, Nigel"]
[Black "O'Neill, Paul"]
[Result "1-0"]
[WhiteElo "2179"]
[BlackElo "2163"]
[PlyCount "57"]
[EventDate "2009.10.25"]
[SourceDate "2009.10.24"]

1. e4 c5 2. c3 Nf6 3. e5 Nd5 4. d4 cxd4 5. Nf3 e6 6. cxd4 Nc6 7. a3 d6 8. Bd3
Qb6 9. O-O Bd7 10. Be4 dxe5 11. dxe5 Nce7 12. a4 Bc6 13. Na3 Ng6 14. Nc4 Qc7
15. Bg5 f6 16. exf6 gxf6 17. Nd4 Qd7 18. Nxc6 bxc6 19. Bxd5 cxd5 20. Bxf6 dxc4
21. Bxh8 Qxd1 22. Rfxd1 Nxh8 23. Rac1 Nf7 24. Rxc4 Rb8 25. Re4 Rb6 26. a5 Rc6
27. b4 Ng5 28. Re5 Nf7 29. Rb5 1-0

[Event "4NCL/Div1b/SWD vs. PANDG"]
[Site "Sunningdale ENG"]
[Date "2009.10.25"]
[Round "2.5"]
[White "Redmond, John P"]
[Black "Cumbers, Paul"]
[Result "0-1"]
[WhiteElo "2196"]
[BlackElo "2218"]
[PlyCount "62"]
[EventDate "2009.10.25"]
[SourceDate "2009.10.24"]

1. c4 c5 2. g3 Nf6 3. Bg2 d5 4. cxd5 Nxd5 5. Nc3 Nc7 6. Nf3 Nc6 7. O-O e5 8.
Ne1 h5 9. h3 f5 10. d3 h4 11. e4 hxg3 12. fxg3 f4 13. gxf4 Bxh3 14. Nf3 Bg4 15.
fxe5 Nxe5 16. Qa4+ Bd7 17. Qc2 Bd6 18. Bf4 Nxf3+ 19. Rxf3 Bxf4 20. Rxf4 Qg5 21.
Raf1 O-O-O 22. Nd5 Nxd5 23. Qxc5+ Bc6 24. exd5 Rxd5 25. Rf8+ Rxf8 26. Rxf8+ Kd7
27. Qf2 Rxd3 28. Qf7+ Kd6 29. Rd8+ Qxd8 30. Qf4+ Kc5 31. b4+ Kb6 0-1

[Event "4NCL/Div1b/SWD vs. PANDG"]
[Site "Sunningdale ENG"]
[Date "2009.10.25"]
[Round "2.6"]
[White "McCarthy, Kevin C"]
[Black "Roberts, David L"]
[Result "1-0"]
[WhiteElo "2106"]
[BlackElo "2110"]
[PlyCount "45"]
[EventDate "2009.10.25"]
[SourceDate "2009.10.24"]

1. d4 Nf6 2. Nf3 g6 3. Bf4 d6 4. e3 Nh5 5. Bg3 Nxg3 6. hxg3 Nd7 7. Bc4 Nf6 8.
Nbd2 d5 9. Bd3 Bg4 10. c3 c6 11. Qb3 Qb6 12. Ne5 Be6 13. Ndf3 Qxb3 14. axb3 Ne4
15. Bxe4 dxe4 16. Ng5 Bxb3 17. Ra3 Bd5 18. c4 Be6 19. Nxe6 fxe6 20. Nxg6 Rg8
21. Nxf8 Rxf8 22. Rxh7 Kd7 23. Rh4 1-0

[Event "4NCL/Div1b/SWD vs. PANDG"]
[Site "Sunningdale ENG"]
[Date "2009.10.25"]
[Round "2.7"]
[White "James, David J"]
[Black "Milson, Samuel A"]
[Result "1/2-1/2"]
[WhiteElo "2110"]
[BlackElo "1994"]
[PlyCount "75"]
[EventDate "2009.10.25"]
[SourceDate "2009.10.24"]

1. Nf3 d5 2. d4 Nf6 3. c4 c6 4. Nc3 dxc4 5. a4 e6 6. e4 Bb4 7. e5 Nd5 8. Bd2
Bxc3 9. Bxc3 Nxc3 10. bxc3 b5 11. g3 Bb7 12. Bg2 Qc7 13. O-O Nd7 14. Ng5 Nb6
15. axb5 cxb5 16. Ne4 Bxe4 17. Bxe4 Nd5 18. Bxd5 exd5 19. Ra6 O-O 20. Qa1 Rfb8
21. Qa3 Rb6 22. Ra1 Rxa6 23. Qxa6 Qd7 24. Ra5 Rb8 25. Qxa7 Qxa7 26. Rxa7 Kf8
27. Kf1 b4 28. cxb4 Rxb4 29. Rc7 c3 30. Rxc3 Rxd4 31. Ke2 Ke7 32. f4 Ra4 33.
Kd3 g6 34. Rc7+ Ke8 35. e6 fxe6 36. Rxh7 Kf8 37. Rc7 Re4 38. Rb7 1/2-1/2

[Event "4NCL/Div1b/SWD vs. PANDG"]
[Site "Sunningdale ENG"]
[Date "2009.10.25"]
[Round "2.8"]
[White "Milson, Amy F"]
[Black "Wilson, Julie C"]
[Result "1/2-1/2"]
[WhiteElo "1602"]
[BlackElo "1890"]
[PlyCount "56"]
[EventDate "2009.10.25"]
[SourceDate "2009.10.24"]

1. e4 e6 2. d4 d5 3. exd5 exd5 4. Nc3 Nf6 5. Nf3 Bg4 6. Be2 Bd6 7. Bg5 c6 8.
Ne5 Bxe2 9. Qxe2 O-O 10. O-O Re8 11. Bxf6 Qxf6 12. Ng4 Qd8 13. Qf3 Nd7 14. Rfe1
Qg5 15. Rad1 Re7 16. Re2 Rae8 17. Rxe7 Rxe7 18. Ne3 Re6 19. g3 Rf6 20. Qg4 Qxg4
21. Nxg4 Re6 22. Kf1 f5 23. Ne3 f4 24. Nf5 Bc7 25. Re1 Rxe1+ 26. Kxe1 g6 27.
Nh4 Nf6 28. a3 Kf7 1/2-1/2

[Event "4NCL/Div1b/PPA1 vs. BET"]
[Site "Sunningdale ENG"]
[Date "2009.10.25"]
[Round "2.1"]
[White "Swanson, Stephen"]
[Black "Hunt, Adam C"]
[Result "1/2-1/2"]
[WhiteElo "2263"]
[BlackElo "2422"]
[PlyCount "86"]
[EventDate "2009.10.25"]
[SourceDate "2009.10.24"]

1. e4 c5 2. Nf3 d6 3. d4 cxd4 4. Qxd4 a6 5. c4 Nc6 6. Qd2 g6 7. b3 Bg7 8. Bb2
Nf6 9. Nc3 O-O 10. h3 Qa5 11. Bd3 b5 12. Nd5 Qxd2+ 13. Kxd2 bxc4 14. Nxf6+ Bxf6
15. Bxf6 cxd3 16. Bc3 f5 17. Kxd3 fxe4+ 18. Kxe4 Bb7 19. Ke3 e5 20. Rhd1 Ne7
21. Ke2 Nd5 22. Bd2 a5 23. Rac1 e4 24. Nh2 a4 25. b4 Rae8 26. b5 h5 27. Rc4 Rf5
28. g4 Rfe5 29. Be3 Nxe3 30. Kxe3 Bd5 31. Rxa4 Rc8 32. Ra3 Rc2 33. b6 Rb2 34.
Ra5 Bxa2 35. Rxe5 dxe5 36. Rd2 Rb3+ 37. Kxe4 Bb1+ 38. Kxe5 Rxb6 39. f4 Rb3 40.
gxh5 gxh5 41. h4 Rh3 42. Rb2 Bd3 43. Rd2 Bb1 1/2-1/2

[Event "4NCL/Div1b/PPA1 vs. BET"]
[Site "Sunningdale ENG"]
[Date "2009.10.25"]
[Round "2.2"]
[White "Ansell, Simon T"]
[Black "Harley, Andrew D"]
[Result "1-0"]
[WhiteElo "2380"]
[BlackElo "2204"]
[PlyCount "61"]
[EventDate "2009.10.25"]
[SourceDate "2009.10.24"]

1. d4 e6 2. c4 Nf6 3. Nc3 Bb4 4. Qc2 O-O 5. e4 d5 6. e5 Ne4 7. a3 Bxc3+ 8. bxc3
c5 9. Bd3 Nc6 10. Ne2 cxd4 11. cxd4 f6 12. exf6 Qxf6 13. O-O Nxd4 14. Nxd4 Qxd4
15. Bb2 Qb6 16. Rad1 Nf6 17. Rfe1 Bd7 18. Bd4 Qc6 19. Rc1 h6 20. Qb2 b6 21.
cxd5 Qxd5 22. Bxf6 Qxd3 23. Bxg7 Rf7 24. Bxh6 Rc8 25. Rxc8+ Bxc8 26. Qc1 Bd7
27. Re3 Qd4 28. Rg3+ Kh7 29. Be3 Qe4 30. Qd1 Qd5 31. Qg4 1-0